000 00765nam a2200229Ia 4500
001 15435
003 GE_BSU
008 181216s||||||||xx |||||||||||||| ||und||
040 _cGE_BSU
080 _a821.353.1-32
100 _aჩაჩანიძე,როდამ
245 _aსაათი-მრიცხველი ჟამისა
245 _bრომანი
245 _cრედ.ს.დემურხანაშვილი. მხატვ.ე.ბურჯანაძე
260 _aთბილისი
260 _bმერანი
260 _c1974
300 _a254გვ.21სმ.
653 _aმოთხრობები
653 _aსაათი-მრიცხველი ჟამისა
942 _cBK
999 _c48538
_d48538